A collection of fairy tales for storytime:Aladdin, Jack and teh Beanstalk, Pinocchio (Record no. 13443)

MARC details
000 -LEADER
fixed length control field 01381nam a22003257a 4500
005 - DATE AND TIME OF LATEST TRANSACTION
control field 20080610122925.0
008 - FIXED-LENGTH DATA ELEMENTS--GENERAL INFORMATION
fixed length control field 080606t xxu||||| |||| 00| 0 eng d
010 ## - LCCN (DPL NO)
LC control number B-263488
020 ## - INTERNATIONAL STANDARD BOOK NUMBER
International Standard Book Number 9780755541845X
Terms of availability 135.00
035 ## - SYSTEM CONTROL NUMBER
System control number B-263488
037 ## - SOURCE OF ACQUISITION
Stock number 562 dt. 4/5/08
Source of stock number/acquisition Star Book Point / 4.5.08 /4 / 8.4.08 /19.5.08 / 135.00/
040 ## - CATALOGING SOURCE
Original cataloging agency DPL
Language of cataloging EN
082 ## - DEWEY DECIMAL CLASSIFICATION NUMBER
Classification number S
245 ## - TITLE STATEMENT
Title A collection of fairy tales for storytime:Aladdin, Jack and teh Beanstalk, Pinocchio
246 ## - VARYING FORM OF TITLE
Title proper/short title One hundred one great Indian
Remainder of title compiled by Shyam Dua
260 ## - PUBLICATION, DISTRIBUTION, ETC. (IMPRINT)
Name of publisher, distributor, etc Robert Frederick
Date of publication, distribution, etc 2007
Place of publication, distribution, etc Bath
260 ## - PUBLICATION, DISTRIBUTION, ETC. (IMPRINT)
Name of publisher, distributor, etc Star Book Point (Vender)
270 ## - ADDRESS
Address 4 North Parade,
City Bath
270 ## - ADDRESS
Address G/146, Geeta Colony,
City Delhi
Postal code 110031
300 ## - PHYSICAL DESCRIPTION
Extent 43p.:
Other physical details col. ill.
Dimensions 26 cm (Hb)
505 ## - FORMATTED CONTENTS NOTE
Miscellaneous information
505 ## - FORMATTED CONTENTS NOTE
Miscellaneous information
505 ## - FORMATTED CONTENTS NOTE
Miscellaneous information
505 ## - FORMATTED CONTENTS NOTE
Miscellaneous information
700 ## - ADDED ENTRY--PERSONAL NAME
Personal name
942 ## - ADDED ENTRY ELEMENTS (KOHA)
Source of classification or shelving scheme Dewey Decimal Classification
Item type Children Books
Classification part S
Call number suffix COL
Holdings
Withdrawn status Lost status Damaged status Not for loan Collection code Home library Current library Date acquired Source of acquisition Cost, normal purchase price Total Checkouts Full call number Barcode Date last seen Copy number Cost, replacement price Koha item type Source of classification or shelving scheme
        Fiction Sarojini Nagar Sarojini Nagar 10/06/2008 Star Book Point / 4.5.08 /4 / 8.4.08 /19.5.08 / 135.00/ 135.00   S / COL B-263488 15/09/2008 1 135.00 Children Books  
        Fiction Vinoba Puri Vinoba Puri 25/09/2008 Star Book Point/2051/2.9.08/191/21.7.08/11.9.08 135.00 11 S COL B-285416 21/05/2011 1 135.00 Children Books Dewey Decimal Classification

© Delhi Public Library
Hit Counter
free hit counter